000
00306nam a22001337a 4500
005
20171207112118.0
008
171207b xxu||||| |||| 00| 0 eng d
041
_a
eng
082
_a
622.14
245
_a
SURVEYING AND LEVELLING
260
_a
GT. BRITAIN
_b
T.A.SOUTHERN LTD.
300
_a
165p,
942
_c
BK
999
_c
5671
_d
5669